Raíces Indígenas de la Lucha Anticolonialista en Nicaragua /
Uloženo v:
| Hlavní autor: | |
|---|---|
| Médium: | Neznámo |
| Jazyk: | Spanish |
| Vydáno: |
[Lugar de publicación no identificado] :
Siglo Veintiuno,
1974.
|
| Témata: | |
| Tagy: |
Přidat tag
Žádné tagy, Buďte první, kdo vytvoří štítek k tomuto záznamu!
|
MARC
| LEADER | 000000000a22000000004500 | ||
|---|---|---|---|
| 001 | 003227 | ||
| 020 | |a 9682305519 | ||
| 041 | 0 | |a spa | |
| 082 | 0 | 4 | |a 972.85 |b W565r4 |
| 100 | 1 | |a Wheelock Roman, Jaime | |
| 245 | 1 | 0 | |a Raíces Indígenas de la Lucha Anticolonialista en Nicaragua / |c Jaime Wheelock Roman. |
| 260 | 1 | |a [Lugar de publicación no identificado] : |b Siglo Veintiuno, |c 1974. | |
| 300 | |a 123 páginas ; |c 19 cm. | ||
| 650 | 4 | |a HISTORIA | |
| 650 | 4 | |a DESCUBRIMIENTO Y CONQUISTA | |
| 650 | 4 | |a INDIGENAS NICARAGUENSES | |
| 650 | 4 | |a NICARAGUA | |
| 999 | |c 9507 |d 9507 | ||
| 942 | |c BK |h 972.85 W565r4 |2 z | ||



